Paroles - Drugstar Indochine - Statistiques

Statistiques générales
  • Ce quiz a été pris 19 fois
  • Le résultat moyen est 115 sur 140
Statistiques - réponses
Réponse % Correct
à
100%
A
100%
ce
100%
C'est
100%
Drugstar
100%
Et
100%
et
100%
Mais
100%
nos
100%
se
100%
au
89%
comme
89%
Comme
89%
dans
89%
Dans
89%
de
89%
des
89%
est
89%
faire
89%
la
89%
Le
89%
le
89%
les
89%
notre
89%
Nous
89%
nous
89%
on
89%
On
89%
que
89%
qui
89%
sur
89%
Sur
89%
Tout
89%
tout
89%
toutes
89%
une
89%
armoires
78%
assez
78%
casser
78%
chambre
78%
cigares
78%
cimetières
78%
danser
78%
devoirs
78%
dociles
78%
éducation
78%
enfants
78%
faciles
78%
ferons
78%
fumer
78%
grand
78%
grands
78%
grimper
78%
juré
78%
l'avion
78%
lit
78%
maison
78%
marchera
78%
parents
78%
partir
78%
plafond
78%
plus
78%
pourrait
78%
pouvez
78%
promis
78%
rangerons
78%
refaire
78%
Rien
78%
rien
78%
Sauvage
78%
S'embrasser
78%
sera
78%
seuls
78%
soir,
78%
soir
78%
toucher
78%
tous
78%
Tous
78%
tranquille
78%
trottoirs
78%
voici
78%
Vous
78%
balançoire
67%
deviendra
67%
image
67%
images
67%
Jolis
67%
méchants,
67%
moi
67%
Sage
67%
sages
67%
sauvages
67%
Sauvages
67%
serons
67%
soirs
67%
très
67%
trois
67%
vrais
67%
croyez
56%
jouera
56%
Quoi ?
33%
Aucun quiz correspondant
Distribution des résultats
% des personnes avec chaque résultat
Percentile par nombre de réponses
Votre historique - résultats
Vous n’avez pas pris ce quiz